O anjo da escola ou Santo Tomás de Aquino contado às crianças (Record no. 157183)

MARC details
000 -LÍDER
campo de controle de tamanho fixo 00470 a2200169 4500
001 - NÚMERO DE CONTROLE
campo de controle 157183
020 ## - ISBN - INTERNATIONAL STANDARD BOOK NUMBER
ISBN - International Standard Book Number 8590149528
040 ## - FONTE DA CATALOGAÇÃO
Instituição que transcreveu o registro Escola São Tomás de Aquino
100 ## - ENTRADA PRINCIPAL--NOME PESSOAL
Nome pessoal MARITAIN, Raïssa
240 10 - TÍTULO UNIFORME
Título uniforme O anjo da escola ou Santo Tomás de Aquino contado às crianças
Idioma da obra por
245 10 - TÍTULO
Título O anjo da escola ou Santo Tomás de Aquino contado às crianças
300 ## - DESCRIÇÃO FÍSICA
Extensão 157 p.
362 0# - DATAS DE PUBLICAÇÃO E/OU DESIGNAÇÃO SEQUENCIAL
Datas de publicação e/ou designação sequencial 200
440 #1 - DECLARAÇÃO DE SÉRIE/ENTRADA ADICIONADA--TÍTULO
Título CXB
697 ## - ENTRADA DE ASSUNTO LOCAL--ENTIDADE COLETIVA (RLIN)
Nome corporativo ou nome da jurisdição BIOGRAFIA E GENEALOGIA
942 ## - ELEMENTOS DE ENTRADA ADICIONADOS (KOHA)
Tipo de material Koha Livros
Holdings
Situação do descarte Situação das perdas Situação física Não pode ser emprestado Biblioteca de origem Biblioteca atual Data de aquisição Total de empréstimos Número de chamada completo Código de barras Data de último acesso Data do preço efetivo Tipo de material Koha
        ESTA - SÃO BENTO ESTA - SÃO BENTO 30/04/2024   920 MAR ANJ EST00011909 30/04/2024 30/04/2024 Livros